01725nab a22002657a 4500003000400000005001700004008004100021040000700062100002800069245019800097260007300295300001500368500007100383505044000454505013700894505008901031650002901120650002301149650001701172650005201189650003201241650002501273650002901298773013201327OSt20251226213015.0190603e xxum|||| |||| 00| 0 spa d cPJ aPietra, María Luciana10aAlcance de la participación de niños, niñas y adolescentes en los procesos judiciales y su armonización con el interés superior y la autonomía progresiva /cMaría Luciana Pietra.  cCiudad Autónoma de Buenos Aires :aThomson Reuters La Ley, b2025. ap. 153-162 aCita: TR LALEY AR/DOC/1059/2025 Publicado en: RCCyC 2025 (junio). aSumario: I. Encuadre fáctico del caso.— II. Participación de los niños, niñas y adolescentes en los procesos judiciales.— III. Armonización entre el ejercicio de la responsabilidad parental y el principio de la autonomía progresiva.— IV. Autorización para viajar. Elección del lugar de residencia.— V. El derecho de niños, niñas y adolescentes a gozar de patrocinio letrado.— VI. Consideraciones finales.  aFallo comentado: JFamilia 2a Nom., Córdoba ~ 20/12/2024 ~ T. F., T. c. T., A. J. s/ medidas provisionales personales - ley 10.305. t¿Te interesa el texto completo? Solicitalo al correo: koha@justierradelfuego.gov.ar 0aCODIGO CIVIL Y COMERCIAL 0aDERECHO DE FAMILIA 0aADOLESCENTES 0aDERECHOS DE LAS NIÑAS, NIÑOS Y ADOLESCENTES 0aINTERES SUPERIOR DEL NIÑO 0aDERECHO A SER OÍDO 0aRESPONSABILIDAD PARENTAL0 02713dCiudad Autónoma de Buenos Aires : Thomson Reuters La Ley, 2015-tRevista Código Civil y Comercial. Nº 3 - Junio 2025